Purchase of merchant banking services by listed companies /
Saved in:
| 主要作者: | |
|---|---|
| 格式: | Thesis 圖書 |
| 語言: | English |
| 出版: |
1993.
|
| 主題: | |
| 標簽: |
添加標簽
沒有標簽, 成為第一個標記此記錄!
|
| LEADER | 01180cam a2200289 a 4500 | ||
|---|---|---|---|
| 001 | u348385 | ||
| 003 | SIRSI | ||
| 008 | 940305s1993 my t 00 1 eng m | ||
| 035 | |a ABS-1012 | ||
| 040 | |a UMM | ||
| 043 | |a a-my--- | ||
| 090 | |a HG1971 |b M4Yew | ||
| 091 | |a Microfiche 12571. | ||
| 100 | 1 | 0 | |a Yew, Wan Kup. |
| 245 | 1 | 0 | |a Purchase of merchant banking services by listed companies / |c by Yew Wan Kup. |
| 260 | |c 1993. | ||
| 300 | |a 98 leaves ; |c 30 cm. | ||
| 500 | |a Also available on microfiche. Kuala Lumpur : Perpustakaan Universiti Malaya, 1996. 2 fiches : negative ; 10x15 cm. | ||
| 502 | |a Dissertation (M.B.A.) -- Fakulti Ekonomi dan Pentadbiran, Universiti Malaya, 1994. | ||
| 504 | |a Bibliography: leaves 90-98 | ||
| 650 | 0 | |a Merchant banks |z Malaysia |x Purchasing. | |
| 650 | 0 | |a Banks and banking |z Malaysia |x Purchasing. | |
| 710 | 2 | 0 | |a Universiti Malaya. |b Fakulti Ekonomi dan Pentadbiran. |
| 948 | |a 05/03/1994 |b 16/09/2004 | ||
| 596 | |a 1 | ||
| 999 | |a HG1971 M4YEW |w LC |c 1 |i A504528229 |d 5/11/1999 |l B_KOM4 |m P01UTAMA |n 6 |r Y |s Y |t TESIS |u 7/3/1994 |o .PUBLIC. BKOM4:30590 | ||
| 999 | |a HG1971 M4YEW |w LC |c 2 |i A504528238 |d 12/5/2017 |e 12/5/2017 |l STACKS |m P01UTAMA |n 8 |r Y |s Y |t TESIS |u 7/3/1994 | ||
